| 000 | 01106nmc a2200337 a 4500 | ||
|---|---|---|---|
| 003 | AR-BaBNM | ||
| 005 | 20251128211637.0 | ||
| 008 | 065020s2004 ||||||||||||||000 | spa|| | ||
| 020 | _a950-9467-99-5 | ||
| 040 | _cAR-BaBNM | ||
| 100 | 1 | _aSerra, Juan Carlos | |
| 245 | 1 | 0 |
_aEl campo de capacitación docente _bpolíticas y tensiones en el desarrollo profesional |
| 250 | _a1º ed. | ||
| 260 |
_aBuenos Aires _bMiño y Dávila _c2004 |
||
| 300 | 0 |
_a224 p. _btablas |
|
| 490 | 0 | _aFLACSO : Facultad Latinoamericana de Ciencias Sociales | |
| 500 | 0 | _aContiene anexos metodológico y estadístico | |
| 504 | _aBibliografía en p. 217-224 | ||
| 610 | 2 | 4 | _aRed Federal de Formación Docente Continua [Argentina] |
| 650 | 4 | _aPOLITICA EDUCATIVA | |
| 651 | 4 | _aFormosa | |
| 651 | 4 | _aBuenos Aires [Capital Federal] | |
| 653 | _aCAPACITACION DOCENTE | ||
| 653 | _aFORMACION DOCENTE CONTINUA | ||
| 653 | _aPROFESIONALIZACION DOCENTE | ||
| 653 | _aREFORMA EDUCATIVA | ||
| 653 | _aESTADISTICAS EDUCATIVAS | ||
| 700 | 1 |
_aBraslavsky, Cecilia _eprologuista |
|
| 942 | _cBK | ||
| 998 | _cmaria eugenia | ||
| 999 |
_c20565 _d20565 |
||